00355nam a2200145Ia 45000030006000000080041000060400015000471000024000622450051000862500006001372600033001433000006001765460010001820050017001920STCL150530s9999 xx 000 0 und d aSTCLcSTCL aNand Kishore Vikram aUpendranath Ashik Aur Unaki Shreshth Kahaniyan a1 bIndraPrastha Prakashanc2007 a0 aHindi20220125171240.0